Logo BPK

Biblioteka

Politechniki Koszalińskiej

Mikroekonomia : (Rekord nr 56459)

Szczegóły MARC
000 -ETYKIETA REKORDU
podpole kontrolne o stałej długości 01141nam a2200313 i 4500
001 - NUMER KONTROLNY REKORDU
pole kontrolne bg
003 - IDENTYFIKATOR NUMERU KONTROLNEGO REKORDU
podpole kontrolne BPK
005 - DATA OSTATNIEJ MODYFIKACJI REKORDU
podpole kontrolne 20191002090817.0
008 - POLE O STAŁEJ DŁUGOŚCI - DANE KONTROLNE
podpole kontrolne o stałej długości 090408s2002 pl a f f |001 0 pol
020 ## - MIĘDZYNARODOWY ZNORMALIZOWANY NUMER KSIĄŻKI - ISBN
ISBN 9788301151706
040 ## - ŹRÓDŁO KATALOGOWANIA
Instytucja, która utworzyła rekord BPK
041 ## - KOD JĘZYKA
Kod języka tekstu pol
Kod języka oryginału eng
080 ## - UNIWERSALNA KLASYFIKACJA DZIESIĘTNA - UKD
UKD 330.101.542
080 ## - UNIWERSALNA KLASYFIKACJA DZIESIĘTNA - UKD
UKD (07)
100 1# - NAZWA OSOBOWA
Nazwa osobowa Varian, Hal R.
245 10 - TYTUŁ/ODPOWIEDZIALNOŚĆ
Tytuł Mikroekonomia :
Ciąg dalszy tytułu kurs średni - ujęcie nowoczesne /
Pozostałe elementy strefy tytułu i oznaczenia odpowiedzialności Hal R. Varian ; przekł. Stanisław Ryszard Domański [et al.] ; red. nauk. przekł. Stanisław Ryszard Domański.
246 ## - WARIANT TYTUŁU
Treść wyrażenia wprowadzającego Tyt. oryg.:
Tytuł Intermediate microeconomics
250 ## - STREFA WYDANIA
Oznaczenie wydania Wyd. 3 zm., 3 dodr.
260 ## - STREFA ADRESU WYDAWNICZEGO
Miejsce wydania Warszawa :
Nazwa wydawcy/dystrybutora Wydawnictwo Naukowe PWN,
Data publikacji, dystrybucji/powstania dokumentu cop. 2002.
300 ## - STREFA OPISU FIZYCZNEGO
Objętość 681 s. :
Inne cechy fizyczne wykr. ;
Rozmiary 25 cm.
500 ## - UWAGI OGÓLNE
Tekst uwagi Tyt. oryg.: "Intermediate microeconomics. A modern approach" 1987.
504 ## - UWAGA DOTYCZĄCA BIBLIOGRAFII
Informacje o bibliografii Indeks.
650 #4 - HASŁO PRZEDMIOTOWE W FORMIE NAZWY OGÓLNEJ LUB JEDNOSTKOWEJ
Nazwa ogólna lub geograficzna Mikroekonomia
655 #4 - TERMIN INDEKSOWY - OKREŚLENIE RODZAJU/FORMY DOKUMENTU
Określenie rodzaju/formy dokumentu Podręcznik
700 ## - HASŁO DODATKOWE - NAZWA OSOBOWA
Nazwa osobowa Domański, Stanisław Ryszard.
Określenie związku między hasłem a opisywanym materiałem Tł.
710 2# - HASŁO DODATKOWE - NAZWA CIAŁA ZBIOROWEGO
Nazwa ciała zbiorowego lub jednostki geograficznej Wydawnictwo Naukowe PWN
Kod określenia powiązania pbl.
856 ## - LOKALIZACJA I DOSTĘP DO ELEKTRONICZNYCH DOKUMENTÓW ZDALNYCH
Link (URL) http://koha.tu.koszalin.pl/cgi-bin/koha/opac-detail.pl?biblionumber=56459
Tekst linku Katalog online BPK
942 ## - DODATKOWE ELEMENTY (KOHA)
Typ dokumentu Książka
Schemat klasyfikacji Uniwersalna Klasyfikacja Dziesiętna
Egzemplarze
Wycofany Status egzemplarza Uszkodzony Dostępność Lokalizacja stała Lokalizacja bieżąca Miejsce przechowywania Sygnatura Kod kreskowy Ostatnio wypożyczono Typ dokumentu
      Dostępny Biblioteka Politechniki Koszalińskiej Biblioteka Politechniki Koszalińskiej Wypożyczalnia BG 91260 02489810 09.04.2020 Książka
© 2023 Biblioteka Politechniki Koszalińskiej :: KOHA